| 000 | 00587nam a2200205 u 4500 | ||
|---|---|---|---|
| 005 | 20240912063831.0 | ||
| 008 | 090325s2005 ag r 000 0 spa d | ||
| 020 | _a9501109615 | ||
| 035 | _aUPN01000170113 | ||
| 049 | _aI | ||
| 050 | 4 |
_aPZ74.9 _bM3.8 |
|
| 100 | 1 |
_aMartín, Susana _931913 |
|
| 245 | 1 | 0 |
_aMuy cerca de las ballenas / _cSusana Martín ; il. Susana Guerra. |
| 260 |
_aBuenos Aires : _bSigmar, _c2005. |
||
| 300 |
_a66 p. : _bil. |
||
| 440 | 0 | _aSueños de papel | |
| 650 | 4 |
_aCuentos infantiles argentinos _97466 |
|
| 650 | 4 |
_aCUENTOS DE MAR _98752 |
|
| 905 | _aInfantil | ||
| 999 |
_c142219 _d142219 |
||